| 000 | 02044nam0a2200337 i 4500 | ||
|---|---|---|---|
| 001 | RU\NLR\bibl\2014567 | ||
| 005 | 20241105172720.0 | ||
| 010 |
_a9785778604759 _9500 |
||
| 021 |
_aRU _b2013-15601 _91106 |
||
| 035 | _a(NLR Aleph) 002002997 | ||
| 090 |
_a4385806 _c4385806 |
||
| 100 | _a20130321d2012 u y0rusy50 ca | ||
| 101 | 0 | _arus | |
| 102 | _aRU | ||
| 105 | _aac ||||||||| | ||
| 200 | 1 |
_aШумит Гунай _eисторико-литературная повесть о бойцах Нефтегорского соединения партизанских отрядов Кубани в 1942-1943 годах _fФ.С. Готьван _g[вступ. ст., сост. и ред. д.и.н., проф. И.О. Тюменцев] _gФедер. гос. бюджет. образоват. учреждение высш. проф. образования "Рос. акад. нар. хоз-ва и гос. службы при Президенте Рос. Федерации", Волгоградский фил. |
|
| 210 |
_aВолгоград _cВолгоградский филиал ФГБОУ ВПО РАНХиГС _d2012 |
||
| 215 |
_a381 с. _cил., портр. _d29 |
||
| 320 | _aИмен. указ.: с. 366-376 | ||
| 320 | _aГеогр. указ.: с. 377-381 | ||
| 601 | 0 | 2 |
_aНефтегорское соединение партизанских отрядов Кубани _cКраснодарский край _92143985 _3RU\NLR\auth\661596507 |
| 686 | _aТ3(2)722.5(2Р-4Кр) | ||
| 686 | _aЦ35(2)722.99(2Р-Кр)-21 | ||
| 700 | 1 |
_aГотьван _bФ. С. _f1904-1975 _gФедор Степанович _4070 |
|
| 702 | 1 |
_aТюменцев _bИ. О. _f1958- _gИгорь Олегович _4220 |
|
| 801 | 0 |
_aRU _bNLR _c20130321 _gRCR |
|
| 801 | 1 |
_aRU _bNLR _c20130321 |
|
| 942 | _cBOOK | ||
| 980 | _aNBR | ||